By right divine

Spremljeno u:
Bibliografski detalji
Glavni autor: Maxwell, Gerald (autor)
Format: Knjiga
Jezik:engleski
Izdano: Londres H. Grevel & Co 1911
Teme:
Oznake: Dodaj oznaku
Bez oznaka, Budi prvi tko označuje ovaj zapis!

MARC

LEADER 00000nam a2200000 a 4500
001 UCQ3822
003 CL-VaPUC
008 980828e19110000UK |||||||||||||||||eng|d
082 0 4 |a 823  |b MAX  |2 21 
100 |a Maxwell, Gerald  |e autor  |9 418046 
245 1 0 |a By right divine 
300 |a 504 p 
942 |c BK 
945 |d 19980828 00:00:00  |a crobeson 
260 |a Londres  |b H. Grevel & Co  |c 1911 
650 0 |a Novelas inglesas  |9 265220 
650 0 |a Literatura inglesa  |9 312907 
583 |a last modification  |c 19980828 00:00:00  |k Rodrigo Vera 
999 |c 274335  |d 274333 
952 |0 0  |1 0  |4 0  |6 823_000000000000000_MAX_1911  |7 0  |8 A  |9 310486  |a BIBEDU  |b BIBEDU  |d 2019-11-20  |i 1458655  |o 823 MAX 1911  |p 1458655  |r 2019-11-20  |w 2019-11-20  |y BK  |k LIT